000 00508nam a22001937a 4500
003 NUST - PNEC
005 20170116180852.0
008 150826b xxu||||| |||| 00| 0 eng d
020 _a9788131702062
022 _a8178082632
040 _cLIBRARY
082 _a621.4021 ROG
100 _95777
_aRogers, Gordon
245 _aEngineering thermodynamics : work and heat transfer
_cGordon Rogers
250 _aFourth Edition
260 _cc.1992
650 _95779
_aThermodynamics
_xME
942 _2ddc
_cBK
999 _c64668
_d64668